Normal view
MARC view
- Mozart Wolfgang Amadeus
Entry Personal Name
001 - CONTROL NUMBER
- control field: 8033
003 - CONTROL NUMBER IDENTIFIER
- control field: IT-RoPau
005 - DATE AND TIME OF LATEST TRANSACTION
- control field: 20140107154956.0
008 - FIXED-LENGTH DATA ELEMENTS
- fixed length control field: 140107|| aca||aabn | a|a d
040 ## - CATALOGING SOURCE
- Original cataloging agency: IT-RoPau
- Transcribing agency: IT-RoPau
100 ## - HEADING--PERSONAL NAME
- Personal name: Mozart Wolfgang Amadeus
- Dates associated with a name: Codice autore musica SPICS: 3486
- Relator term: Autore musica
- Name of part/section of a work: Rondò From Symphony n 35 K 385 "Haffner"
670 ## - SOURCE DATA FOUND
- Source citation: Work cat.: (IT-RoPau)99811: AA.VV. 794, Uto Ughi in concerto (Lp Vsl 32634)